[Event "Deizisau op 13th"]
[Site "Deizisau"]
[Date "2018.10.28"]
[Round "4"]
[White "Arnold, Max"]
[Black "Kalinin, Oleksandr"]
[Result "1/2-1/2"]
[WhiteElo "2267"]
[BlackElo "2113"]
[PlyCount "65"]
[EventDate "2018.10.26"]
[EventType "swiss"]
[EventRounds "7"]
[EventCountry "GER"]
[SourceTitle "CBM 187 Extra"]
[Source "ChessBase"]
[SourceDate "2018.11.04"]
[SourceVersion "1"]
[SourceVersionDate "2018.11.04"]
[SourceQuality "1"]

1. e4 e6 2. d4 d5 3. e5 c5 4. c3 Qb6 5. Nf3 Nc6 6. a3 Bd7 7. b4 cxd4 8. cxd4 Rc8 9. Bb2 Na5 10. Nbd2 Nc4 11. Bxc4 dxc4 12. Rc1 Qa6 13. Ne4 Bc6 14. Nfd2 Bd5 15. 0-0 Be7 16. Qg4 Kf8 17. Qf4 f5 18. exf6 Nxf6 19. Nc5 Qd6 20. Qxd6 Bxd6 21. Nxc4 Bf4 22. Ne3 Bxe3 23. fxe3 Ke7 24. Na4 Ne4 25. Nc3 Nxc3 26. Bxc3 Rhf8 27. Rfe1 Be4 28. b5 Kd7 29. Bb4 Rxc1 30. Rxc1 Rf5 31. a4 Rg5 32. g3 Rf5 33. Rc5 1/2-1/2

[Event "Wunsiedel op 10th"]
[Site "Wunsiedel"]
[Date "2016.05.05"]
[Round "1"]
[White "Kalinin, Oleksandr"]
[Black "Dijkhuis, Tycho"]
[Result "0-1"]
[WhiteElo "2059"]
[BlackElo "2399"]
[PlyCount "74"]
[EventDate "2016.05.05"]
[EventType "swiss"]
[EventRounds "7"]
[EventCountry "GER"]
[SourceTitle "CBM 172 Extra"]
[Source "ChessBase"]
[SourceDate "2016.06.21"]
[SourceVersion "1"]
[SourceVersionDate "2016.06.21"]
[SourceQuality "1"]

1. d4 Nf6 2. Nf3 g6 3. c4 Bg7 4. Nc3 0-0 5. e4 d6 6. Be2 e5 7. 0-0 Nc6 8. d5 Ne7 9. Ne1 Nd7 10. Be3 f5 11. f3 f4 12. Bf2 g5 13. Rc1 Ng6 14. c5 Nxc5 15. b4 Na6 16. Nb5 Rf7 17. Nxa7 Bd7 18. Bxa6 bxa6 19. Qc2 g4 20. Qxc7 Qg5 21. Qb7 Rd8 22. Qxa6 g3 23. Bb6 Rb8 24. Nc6 Re8 25. Nd8 Rxd8 26. Bxd8 Qxd8 27. b5 Ne7 28. b6 Nxd5 29. exd5 Qh4 30. h3 e4 31. Rc8+ Rf8 32. Rxf8+ Kxf8 33. fxe4 Bd4+ 34. Kh1 Bxh3 35. Rxf4+ Qxf4 36. b7 Qh6 37. Qf1+ Bf5# 0-1

[Event "Staufer op-A 28th"]
[Site "Schwaebisch Gmuend"]
[Date "2016.01.02"]
[Round "2"]
[White "Kalinin, Oleksandr"]
[Black "Keymer, Vincent"]
[Result "1-0"]
[WhiteElo "2083"]
[BlackElo "2349"]
[PlyCount "113"]
[EventDate "2016.01.02"]
[EventType "swiss"]
[EventRounds "9"]
[EventCountry "GER"]
[SourceTitle "CBM 170 Extra"]
[Source "ChessBase"]
[SourceDate "2016.02.25"]
[SourceVersion "1"]
[SourceVersionDate "2016.02.25"]
[SourceQuality "1"]

1. d4 d5 2. Nf3 Nf6 3. e3 Bf5 4. c4 c6 5. Nc3 e6 6. Nh4 Be4 7. f3 Bg6 8. Nxg6 hxg6 9. Qb3 Qc7 10. Bd2 dxc4 11. Bxc4 b5 12. Bd3 Rxh2 13. 0-0-0 a6 14. Rxh2 Qxh2 15. Bxg6 fxg6 16. Qxe6+ Be7 17. Qc8+ Bd8 18. Qe6+ Kf8 19. Ne2 Nbd7 20. Nf4 Qh6 21. Bb4+ c5 22. dxc5 a5 23. c6+ axb4 24. cxd7 g5 25. Ng6+ Qxg6 26. Rh1 Qh6 27. Rxh6 gxh6 28. Qc6 Ra5 29. Qd6+ Kf7 30. e4 Ra7 31. e5 Rc7+ 32. Kb1 Ng8 33. e6+ Kg7 34. Qe5+ Kf8 35. Qxb5 Ke7 36. Qxb4+ Kxe6 37. Qb3+ Kxd7 38. Qxg8 Rc6 39. b4 Rb6 40. Qd5+ Rd6 41. Qf5+ Kc7 42. a4 Kb7 43. Qe4+ Kb8 44. Kc2 Bc7 45. b5 Rd8 46. Qb4 Rc8 47. Kb3 Re8 48. Qc5 Re6 49. Qd5 Re3+ 50. Kb4 Re1 51. Qg8+ Kb7 52. Qg6 Re2 53. Qa6+ Kb8 54. b6 Rb2+ 55. Kc5 Rc2+ 56. Kd5 Rd2+ 57. Ke4 1-0

[Event "Vaxjo op"]
[Site "Vaxjo"]
[Date "2015.02.13"]
[Round "3"]
[White "Kockum, Anton Frisk"]
[Black "Kalinin, Oleksandr"]
[Result "1-0"]
[WhiteElo "2375"]
[BlackElo "2050"]
[PlyCount "59"]
[EventDate "2015.02.13"]
[EventType "swiss"]
[EventRounds "8"]
[EventCountry "SWE"]
[SourceTitle "CBM 164 Extra"]
[Source "ChessBase"]
[SourceDate "2015.03.02"]
[SourceVersion "1"]
[SourceVersionDate "2015.03.02"]
[SourceQuality "1"]

1. d4 Nf6 2. Nf3 e6 3. c4 b6 4. g3 Ba6 5. Qc2 d5 6. cxd5 exd5 7. Bg2 Bb4+ 8. Nc3 0-0 9. 0-0 Bxc3 10. bxc3 Re8 11. Re1 Nc6 12. Nh4 Ne7 13. Bg5 Qd6 14. Bxf6 Qxf6 15. e4 g5 16. e5 Qe6 17. Nf3 h6 18. h4 g4 19. Nh2 c5 20. Qd1 Bc8 21. c4 Rd8 22. dxc5 bxc5 23. cxd5 Nxd5 24. Rc1 h5 25. Rxc5 Bb7 26. Qc1 Rab8 27. Be4 Ne7 28. Qg5+ Ng6 29. Bxb7 Rxb7 30. Qxd8+ 1-0

[Event "San Bernardino op"]
[Site "San Bernardino"]
[Date "2014.10.05"]
[Round "5"]
[White "Benenati, Gianfranco"]
[Black "Kalinin, Oleksandr"]
[Result "0-1"]
[WhiteElo "1826"]
[BlackElo "2074"]
[PlyCount "100"]
[EventDate "2014.10.03"]
[EventType "swiss"]
[EventRounds "5"]
[EventCountry "SUI"]
[SourceTitle "CBM 163 Extra"]
[Source "ChessBase"]
[SourceDate "2014.12.23"]
[SourceVersion "1"]
[SourceVersionDate "2014.12.23"]
[SourceQuality "1"]

1. e4 e6 2. d4 d5 3. e5 c5 4. c3 Qb6 5. Nf3 Nc6 6. Be2 Bd7 7. 0-0 cxd4 8. cxd4 Nge7 9. Nc3 Nf5 10. Na4 Qc7 11. Be3 Be7 12. Rc1 0-0 13. Nc5 Be8 14. a3 Bxc5 15. Rxc5 f6 16. exf6 gxf6 17. Bd3 Bg6 18. Bxf5 Bxf5 19. Nh4 Be4 20. f3 Bg6 21. Nxg6 hxg6 22. f4 Qb6 23. Qe2 Na5 24. f5 exf5 25. Rxd5 Rae8 26. Qd3 Re4 27. b4 Qe6 28. Rxa5 Rxe3 29. Qb5 Rf7 30. Rxa7 Qe4 31. Ra5 Re2 32. Qd5 Rxg2+ 33. Kh1 Rd2+ 34. Qxe4 fxe4 35. Rd5 f5 36. Kg1 Rc7 37. Rc5 Rd7 38. d5 R7xd5 39. Rxd5 Rxd5 40. h4 Kg7 41. Kg2 Rd2+ 42. Kg3 Rd3+ 43. Kf4 Rxa3 44. Rd1 Rd3 45. Rc1 Kf6 46. Rf1 Rf3+ 47. Rxf3 exf3 48. Kxf3 Ke5 49. b5 b6 50. Ke3 f4+ 0-1

[Event "Marianske Lazne op 13th"]
[Site "Marianske Lazne"]
[Date "2014.01.23"]
[Round "7"]
[White "Kalinin, Oleksandr"]
[Black "Adrian, Claude"]
[Result "0-1"]
[WhiteElo "2064"]
[BlackElo "2232"]
[PlyCount "52"]
[EventDate "2014.01.18"]
[EventType "swiss"]
[EventRounds "9"]
[EventCountry "CZE"]
[SourceTitle "CBM 158 Extra"]
[Source "ChessBase"]
[SourceDate "2014.02.28"]
[SourceVersion "1"]
[SourceVersionDate "2014.02.28"]
[SourceQuality "1"]

1. d4 Nf6 2. Nf3 c5 3. g3 b6 4. Bg2 Bb7 5. 0-0 e6 6. c4 cxd4 7. Nxd4 Bxg2 8. Kxg2 Be7 9. Nc3 Qc7 10. Qd3 0-0 11. b3 a6 12. Bb2 d6 13. Rac1 Nbd7 14. h3 Rac8 15. e4 Rfd8 16. Qe2 Qb7 17. Kh2 Bf8 18. Rfe1 h5 19. g4 hxg4 20. hxg4 d5 21. e5 Nxe5 22. f3 dxc4 23. Ne4 Nxe4 24. fxe4 c3 25. Rxc3 Rxc3 26. Bxc3 Qc7 0-1

[Event "Regionalliga SW 0607"]
[Site "Bayern"]
[Date "2006.11.19"]
[Round "3.7"]
[White "Kalinin, Oleksandr"]
[Black "Tibitanzl, Thomas"]
[Result "0-1"]
[WhiteElo "1991"]
[BlackElo "2005"]
[PlyCount "58"]
[EventDate "2006.10.15"]
[EventType "team-tourn"]
[EventRounds "9"]
[EventCountry "GER"]
[SourceTitle "EXT 2008"]
[Source "ChessBase"]
[SourceDate "2007.11.25"]
[SourceVersion "1"]
[SourceVersionDate "2007.11.25"]
[SourceQuality "1"]
[WhiteTeam "Muenchen Tarrasch II"]
[BlackTeam "Zugzwang MSA"]
[WhiteTeamCountry "GER"]
[BlackTeamCountry "GER"]

1. e4 c5 2. Nf3 a6 3. c3 e6 4. d4 d5 5. exd5 exd5 6. Be2 Nf6 7. Bg5 Be6 8. 0-0 Nbd7 9. Nbd2 Be7 10. Ne5 0-0 11. f4 cxd4 12. cxd4 Qb6 13. Ndf3 Rac8 14. Bd3 Rfe8 15. Kh1 Bg4 16. Qd2 h6 17. Bh4 Bxf3 18. Rxf3 Nxe5 19. fxe5 Ne4 20. Bxe4 dxe4 21. Rb3 Qc6 22. Bg3 Qd5 23. Bf4 Rc4 24. Bxh6 Rxd4 25. Qe2 Rd8 26. h4 Rd1+ 27. Kh2 Qxe5+ 28. Rg3 R1d3 29. Be3 Bxh4 0-1

[Event "Regionalliga SW 0607"]
[Site "Bayern"]
[Date "2006.10.29"]
[Round "2.7"]
[White "Demir, Bilal"]
[Black "Kalinin, Oleksandr"]
[Result "0-1"]
[WhiteElo "2002"]
[BlackElo "1991"]
[PlyCount "42"]
[EventDate "2006.10.15"]
[EventType "team-tourn"]
[EventRounds "9"]
[EventCountry "GER"]
[SourceTitle "EXT 2008"]
[Source "ChessBase"]
[SourceDate "2007.11.25"]
[SourceVersion "1"]
[SourceVersionDate "2007.11.25"]
[SourceQuality "1"]
[WhiteTeam "Unterhaching"]
[BlackTeam "Muenchen Tarrasch II"]
[WhiteTeamCountry "GER"]
[BlackTeamCountry "GER"]

1. d4 Nf6 2. Nc3 e6 3. e4 d5 4. Bg5 Be7 5. e5 Nfd7 6. h4 Bxg5 7. hxg5 Qxg5 8. Nh3 Qe7 9. Qg4 f5 10. Qg3 Nf8 11. 0-0-0 Bd7 12. Nf4 Qf7 13. Be2 Rg8 14. Bh5 g6 15. Bf3 c6 16. Rh6 Na6 17. Rdh1 0-0-0 18. Nh3 g5 19. Nxg5 Qe7 20. Rf6 Nc7 21. Bh5 h6 0-1

[Event "Regionalliga SW 0304"]
[Site "Bayern"]
[Date "2004.04.25"]
[Round "9.3"]
[White "Czap, Bernhard"]
[Black "Kalinin, Oleksandr"]
[Result "1-0"]
[WhiteElo "1979"]
[BlackElo "2065"]
[PlyCount "49"]
[EventDate "2003.10.??"]
[EventType "team"]
[EventRounds "9"]
[EventCountry "GER"]
[SourceTitle "EXT 2006"]
[Source "ChessBase"]
[SourceDate "2005.11.24"]
[SourceVersion "1"]
[SourceVersionDate "2005.11.24"]
[SourceQuality "1"]
[WhiteTeam "Unterhaching"]
[BlackTeam "Muenchen Tarrasch II"]
[WhiteTeamCountry "GER"]
[BlackTeamCountry "GER"]

1. d4 Nf6 2. Nc3 e6 3. e4 d5 4. Bg5 Be7 5. e5 Nfd7 6. h4 a6 7. Qg4 f5 8. Qh5+ g6 9. Qh6 Bxg5 10. hxg5 Kf7 11. g4 fxg4 12. Bd3 Nf8 13. Rh4 Rg8 14. Rxg4 Rg7 15. 0-0-0 Nbd7 16. Nf3 c5 17. dxc5 Nxc5 18. Nh2 Kg8 19. Rf4 Qc7 20. Ng4 Ncd7 21. Re1 b5 22. Qh2 Rb8 23. Nxd5 exd5 24. e6 Nc5 25. Nh6+ 1-0

[Event "Regionalliga SW 0203"]
[Site "Bayern"]
[Date "2003.02.09"]
[Round "6.7"]
[White "Scharl, Walter"]
[Black "Kalinin, Oleksandr"]
[Result "0-1"]
[WhiteElo "1958"]
[BlackElo "1970"]
[PlyCount "66"]
[EventDate "2002.10.20"]
[EventType "team"]
[EventRounds "9"]
[EventCountry "GER"]
[SourceTitle "EXT 2004"]
[Source "ChessBase"]
[SourceDate "2003.11.25"]
[SourceVersion "1"]
[SourceVersionDate "2003.11.25"]
[SourceQuality "1"]
[WhiteTeam "Muenchen Suedost"]
[BlackTeam "Muenchen Tarrasch II"]
[WhiteTeamCountry "GER"]
[BlackTeamCountry "GER"]

1. e4 Nf6 2. Nc3 d5 3. e5 d4 4. exf6 dxc3 5. bxc3 exf6 6. d4 Bd6 7. Bd3 0-0 8. Ne2 Re8 9. 0-0 Bg4 10. f3 Bd7 11. Ng3 c6 12. Nf5 Bxf5 13. Bxf5 Qa5 14. Qd3 g6 15. Bh3 f5 16. Bd2 Nd7 17. c4 Qc7 18. g3 Nc5 19. dxc5 Bxc5+ 20. Kh1 Rad8 21. Bf4 Qe7 22. Qb3 g5 23. Bxf5 gxf4 24. Rae1 Qg5 25. Be4 Rd2 26. Rg1 Bxg1 27. Rxg1 Qh6 28. gxf4+ Kf8 29. Qb4+ Qd6 30. Qa5 Qd4 31. Qh5 Rxe4 32. Qh6+ Ke8 33. Qxh7 Qxg1+ 0-1